000
00316nam a22001457a 4500
008
221012b ||||| |||| 00| 0 eng d
020
_a
9780070476097
041
_a
eng
080
_a
573
082
_a
573
100
_a
16.1
101
_a
BIO
245
_a
GENERAL ORGANIC AND BIOLOGY
_c
ODIAN G
942
_2
udc
_c
BK
999
_c
58513
_d
58513